000 00598nam a2200193Ia 4500
003 GCL
008 140319s9999 xx 000 0 eng d
020 _a0062635220
040 _aGCL /
_cGCL
082 0 4 _a975.3
_bD W
100 1 _aDAVIDSON, CAMERON
245 1 0 _aWASHINGTON, D.C OUR NATION'S CAPITAL /
_cDAVIDSON, CAMERON
700 1 _aPARK, EDWARD
260 _aنيويورك :
_bHARPER COLLINS COLLEGE PUBLISBERS ،
_c1994
300 _a127 P
_bCOL. ILL ؛
_c22 cm.
650 0 4 _aWASHINGTON, D.C. - PICTORIAL WORKS
650 0 4 _aWASHINGTON, D.C. - DESCRIPTION AND TRAVEL
942 _2ddc
_cBK
999 _c4554
_d4554